| 000 | 00594nam a2200169 a 4500 | ||
|---|---|---|---|
| 005 | 20140412111243.0 | ||
| 008 | 001113s19uu xx 00 eng d | ||
| 020 | _a0-86576-092-6 | ||
| 050 |
_aTR(GS 516 _bP44 1985 |
||
| 100 | _aPetit, Jean-Pierre | ||
| 245 |
_aHere's looking at Euclid : _b(and not looking at Euclid) / _cJean-Pierre Petit ; translated by Ian Stewart ; edited by Wendy Campbell. |
||
| 260 |
_aLos Altos, CA : _bW. Kaufman, _c1985. |
||
| 300 | _a63 p. ; chiefly ill. | ||
| 440 | _aThe Adventures of Archibald Higgins | ||
| 650 | _aGeometry -- Popular works | ||
| 999 |
_c102832 _d102832 |
||